| 000 | 00632nam a2200205 4500 | ||
|---|---|---|---|
| 003 | CO-ViMGA | ||
| 020 | _a9788498354348 | ||
| 040 |
_aCO-ViMGA _bspa _cCO-ViMGA |
||
| 082 | 0 | 4 |
_a617 _bM65r |
| 100 | 1 |
_aTorsten B.Möller. _94743 |
|
| 245 | 1 | 0 |
_aResonancia magnética : _bParámetros y posiciones / _cMöller Torsten B. |
| 250 | _a2 ed. | ||
| 260 |
_aEspaña : _bMedica panamericana, _c2012. |
||
| 300 |
_aX, 341 p. : _bil. ; 19 cm. |
||
| 500 | _aContiene indice. | ||
| 534 | _tMRI Parameters and positioning. | ||
| 650 | 1 | 4 |
_aResonancia magnetica / _bAngiografía por resonancia _94744 |
| 700 | 1 |
_aReif,Emil. _94551 |
|
| 942 |
_cBK _2ddc |
||
| 999 |
_c35825 _d35825 |
||